<?xml version="1.0" encoding="UTF-8"?>
<record
    xmlns:xsi="http://www.w3.org/2001/XMLSchema-instance"
    xsi:schemaLocation="http://www.loc.gov/MARC21/slim http://www.loc.gov/standards/marcxml/schema/MARC21slim.xsd"
    xmlns="http://www.loc.gov/MARC21/slim">

  <leader>00290nas a2200121Ia 4500</leader>
  <controlfield tag="008">230918c99999999xx ||||||||||||   ||und||</controlfield>
  <datafield tag="040" ind1=" " ind2=" ">
    <subfield code="a">MAIN</subfield>
  </datafield>
  <datafield tag="041" ind1=" " ind2=" ">
    <subfield code="a">English</subfield>
  </datafield>
  <datafield tag="245" ind1=" " ind2="0">
    <subfield code="a">Geography</subfield>
  </datafield>
  <datafield tag="260" ind1=" " ind2=" ">
    <subfield code="b">Geographical Association</subfield>
    <subfield code="a">Sheffield S1 4BF</subfield>
  </datafield>
  <datafield tag="500" ind1=" " ind2=" ">
    <subfield code="a">United Kingdom</subfield>
  </datafield>
  <datafield tag="942" ind1=" " ind2=" ">
    <subfield code="c">BV</subfield>
  </datafield>
  <datafield tag="952" ind1=" " ind2=" ">
    <subfield code="0">0</subfield>
    <subfield code="1">0</subfield>
    <subfield code="4">0</subfield>
    <subfield code="7">0</subfield>
    <subfield code="a">MAIN</subfield>
    <subfield code="b">MAIN</subfield>
    <subfield code="d">2023-09-18</subfield>
    <subfield code="h">29;</subfield>
    <subfield code="l">0</subfield>
    <subfield code="p">P14164</subfield>
    <subfield code="r">2023-09-18 00:18:32</subfield>
    <subfield code="w">2023-09-18</subfield>
    <subfield code="y">BV</subfield>
  </datafield>
  <datafield tag="952" ind1=" " ind2=" ">
    <subfield code="0">0</subfield>
    <subfield code="1">0</subfield>
    <subfield code="4">0</subfield>
    <subfield code="7">0</subfield>
    <subfield code="a">MAIN</subfield>
    <subfield code="b">MAIN</subfield>
    <subfield code="d">2023-09-18</subfield>
    <subfield code="h">29;</subfield>
    <subfield code="l">0</subfield>
    <subfield code="p">P22369</subfield>
    <subfield code="r">2023-09-18 00:18:32</subfield>
    <subfield code="w">2023-09-18</subfield>
    <subfield code="y">BV</subfield>
  </datafield>
  <datafield tag="952" ind1=" " ind2=" ">
    <subfield code="0">0</subfield>
    <subfield code="1">0</subfield>
    <subfield code="4">0</subfield>
    <subfield code="7">0</subfield>
    <subfield code="a">MAIN</subfield>
    <subfield code="b">MAIN</subfield>
    <subfield code="d">2023-09-18</subfield>
    <subfield code="h">29;</subfield>
    <subfield code="l">0</subfield>
    <subfield code="p">P24130</subfield>
    <subfield code="r">2023-09-18 00:18:32</subfield>
    <subfield code="w">2023-09-18</subfield>
    <subfield code="y">BV</subfield>
  </datafield>
  <datafield tag="952" ind1=" " ind2=" ">
    <subfield code="0">0</subfield>
    <subfield code="1">0</subfield>
    <subfield code="4">0</subfield>
    <subfield code="7">0</subfield>
    <subfield code="a">MAIN</subfield>
    <subfield code="b">MAIN</subfield>
    <subfield code="d">2023-09-18</subfield>
    <subfield code="h">29;</subfield>
    <subfield code="l">0</subfield>
    <subfield code="p">P24131</subfield>
    <subfield code="r">2023-09-18 00:18:32</subfield>
    <subfield code="w">2023-09-18</subfield>
    <subfield code="y">BV</subfield>
  </datafield>
  <datafield tag="952" ind1=" " ind2=" ">
    <subfield code="0">0</subfield>
    <subfield code="1">0</subfield>
    <subfield code="4">0</subfield>
    <subfield code="7">0</subfield>
    <subfield code="a">MAIN</subfield>
    <subfield code="b">MAIN</subfield>
    <subfield code="d">2023-09-18</subfield>
    <subfield code="h">29;</subfield>
    <subfield code="l">0</subfield>
    <subfield code="p">P24731</subfield>
    <subfield code="r">2023-09-18 00:18:32</subfield>
    <subfield code="w">2023-09-18</subfield>
    <subfield code="y">BV</subfield>
  </datafield>
  <datafield tag="952" ind1=" " ind2=" ">
    <subfield code="0">0</subfield>
    <subfield code="1">0</subfield>
    <subfield code="4">0</subfield>
    <subfield code="7">0</subfield>
    <subfield code="a">MAIN</subfield>
    <subfield code="b">MAIN</subfield>
    <subfield code="d">2023-09-18</subfield>
    <subfield code="h">29;</subfield>
    <subfield code="l">0</subfield>
    <subfield code="p">P25633</subfield>
    <subfield code="r">2023-09-18 00:18:32</subfield>
    <subfield code="w">2023-09-18</subfield>
    <subfield code="y">BV</subfield>
  </datafield>
  <datafield tag="952" ind1=" " ind2=" ">
    <subfield code="0">0</subfield>
    <subfield code="1">0</subfield>
    <subfield code="4">0</subfield>
    <subfield code="7">0</subfield>
    <subfield code="a">MAIN</subfield>
    <subfield code="b">MAIN</subfield>
    <subfield code="d">2023-09-18</subfield>
    <subfield code="h">29;</subfield>
    <subfield code="l">0</subfield>
    <subfield code="p">P26905</subfield>
    <subfield code="r">2023-09-18 00:18:32</subfield>
    <subfield code="w">2023-09-18</subfield>
    <subfield code="y">BV</subfield>
  </datafield>
  <datafield tag="952" ind1=" " ind2=" ">
    <subfield code="0">0</subfield>
    <subfield code="1">0</subfield>
    <subfield code="4">0</subfield>
    <subfield code="7">0</subfield>
    <subfield code="a">MAIN</subfield>
    <subfield code="b">MAIN</subfield>
    <subfield code="d">2023-09-18</subfield>
    <subfield code="h">29;</subfield>
    <subfield code="l">0</subfield>
    <subfield code="p">P30017</subfield>
    <subfield code="r">2023-09-18 00:18:32</subfield>
    <subfield code="w">2023-09-18</subfield>
    <subfield code="y">BV</subfield>
  </datafield>
  <datafield tag="952" ind1=" " ind2=" ">
    <subfield code="0">0</subfield>
    <subfield code="1">0</subfield>
    <subfield code="4">0</subfield>
    <subfield code="7">0</subfield>
    <subfield code="a">MAIN</subfield>
    <subfield code="b">MAIN</subfield>
    <subfield code="d">2023-09-18</subfield>
    <subfield code="h">29;</subfield>
    <subfield code="l">0</subfield>
    <subfield code="p">P33119</subfield>
    <subfield code="r">2023-09-18 00:18:32</subfield>
    <subfield code="w">2023-09-18</subfield>
    <subfield code="y">BV</subfield>
  </datafield>
  <datafield tag="952" ind1=" " ind2=" ">
    <subfield code="0">0</subfield>
    <subfield code="1">0</subfield>
    <subfield code="4">0</subfield>
    <subfield code="7">0</subfield>
    <subfield code="a">MAIN</subfield>
    <subfield code="b">MAIN</subfield>
    <subfield code="d">2023-09-18</subfield>
    <subfield code="h">29;</subfield>
    <subfield code="l">0</subfield>
    <subfield code="p">P33120</subfield>
    <subfield code="r">2023-09-18 00:18:32</subfield>
    <subfield code="w">2023-09-18</subfield>
    <subfield code="y">BV</subfield>
  </datafield>
  <datafield tag="952" ind1=" " ind2=" ">
    <subfield code="0">0</subfield>
    <subfield code="1">0</subfield>
    <subfield code="4">0</subfield>
    <subfield code="7">0</subfield>
    <subfield code="a">MAIN</subfield>
    <subfield code="b">MAIN</subfield>
    <subfield code="d">2023-09-18</subfield>
    <subfield code="h">29;</subfield>
    <subfield code="l">0</subfield>
    <subfield code="p">P33121</subfield>
    <subfield code="r">2023-09-18 00:18:32</subfield>
    <subfield code="w">2023-09-18</subfield>
    <subfield code="y">BV</subfield>
  </datafield>
  <datafield tag="952" ind1=" " ind2=" ">
    <subfield code="0">0</subfield>
    <subfield code="1">0</subfield>
    <subfield code="4">0</subfield>
    <subfield code="7">0</subfield>
    <subfield code="a">MAIN</subfield>
    <subfield code="b">MAIN</subfield>
    <subfield code="d">2023-09-18</subfield>
    <subfield code="h">29;</subfield>
    <subfield code="l">0</subfield>
    <subfield code="p">P35370</subfield>
    <subfield code="r">2023-09-18 00:18:32</subfield>
    <subfield code="w">2023-09-18</subfield>
    <subfield code="y">BV</subfield>
  </datafield>
  <datafield tag="952" ind1=" " ind2=" ">
    <subfield code="0">0</subfield>
    <subfield code="1">0</subfield>
    <subfield code="4">0</subfield>
    <subfield code="7">0</subfield>
    <subfield code="a">MAIN</subfield>
    <subfield code="b">MAIN</subfield>
    <subfield code="d">2023-09-18</subfield>
    <subfield code="h">29;</subfield>
    <subfield code="l">0</subfield>
    <subfield code="p">P38002</subfield>
    <subfield code="r">2023-09-18 00:18:32</subfield>
    <subfield code="w">2023-09-18</subfield>
    <subfield code="y">BV</subfield>
  </datafield>
  <datafield tag="952" ind1=" " ind2=" ">
    <subfield code="0">0</subfield>
    <subfield code="1">0</subfield>
    <subfield code="4">0</subfield>
    <subfield code="7">0</subfield>
    <subfield code="a">MAIN</subfield>
    <subfield code="b">MAIN</subfield>
    <subfield code="d">2023-09-18</subfield>
    <subfield code="h">29;</subfield>
    <subfield code="l">0</subfield>
    <subfield code="p">P38003</subfield>
    <subfield code="r">2023-09-18 00:18:32</subfield>
    <subfield code="w">2023-09-18</subfield>
    <subfield code="y">BV</subfield>
  </datafield>
  <datafield tag="952" ind1=" " ind2=" ">
    <subfield code="0">0</subfield>
    <subfield code="1">0</subfield>
    <subfield code="4">0</subfield>
    <subfield code="7">0</subfield>
    <subfield code="a">MAIN</subfield>
    <subfield code="b">MAIN</subfield>
    <subfield code="d">2023-09-18</subfield>
    <subfield code="h">29;</subfield>
    <subfield code="l">0</subfield>
    <subfield code="p">P40274</subfield>
    <subfield code="r">2023-09-18 00:18:32</subfield>
    <subfield code="w">2023-09-18</subfield>
    <subfield code="y">BV</subfield>
  </datafield>
  <datafield tag="952" ind1=" " ind2=" ">
    <subfield code="0">0</subfield>
    <subfield code="1">0</subfield>
    <subfield code="4">0</subfield>
    <subfield code="7">0</subfield>
    <subfield code="a">MAIN</subfield>
    <subfield code="b">MAIN</subfield>
    <subfield code="d">2023-09-18</subfield>
    <subfield code="h">29;</subfield>
    <subfield code="l">0</subfield>
    <subfield code="p">P41765</subfield>
    <subfield code="r">2023-09-18 00:18:32</subfield>
    <subfield code="w">2023-09-18</subfield>
    <subfield code="y">BV</subfield>
  </datafield>
  <datafield tag="952" ind1=" " ind2=" ">
    <subfield code="0">0</subfield>
    <subfield code="1">0</subfield>
    <subfield code="4">0</subfield>
    <subfield code="7">0</subfield>
    <subfield code="a">MAIN</subfield>
    <subfield code="b">MAIN</subfield>
    <subfield code="d">2023-09-18</subfield>
    <subfield code="h">29;</subfield>
    <subfield code="l">0</subfield>
    <subfield code="p">P41766</subfield>
    <subfield code="r">2023-09-18 00:18:32</subfield>
    <subfield code="w">2023-09-18</subfield>
    <subfield code="y">BV</subfield>
  </datafield>
  <datafield tag="952" ind1=" " ind2=" ">
    <subfield code="0">0</subfield>
    <subfield code="1">0</subfield>
    <subfield code="4">0</subfield>
    <subfield code="7">0</subfield>
    <subfield code="a">MAIN</subfield>
    <subfield code="b">MAIN</subfield>
    <subfield code="d">2023-09-18</subfield>
    <subfield code="h">29;</subfield>
    <subfield code="l">0</subfield>
    <subfield code="p">P43056</subfield>
    <subfield code="r">2023-09-18 00:18:32</subfield>
    <subfield code="w">2023-09-18</subfield>
    <subfield code="y">BV</subfield>
  </datafield>
  <datafield tag="952" ind1=" " ind2=" ">
    <subfield code="0">0</subfield>
    <subfield code="1">0</subfield>
    <subfield code="4">0</subfield>
    <subfield code="7">0</subfield>
    <subfield code="a">MAIN</subfield>
    <subfield code="b">MAIN</subfield>
    <subfield code="d">2023-09-18</subfield>
    <subfield code="h">29;</subfield>
    <subfield code="l">0</subfield>
    <subfield code="p">P44458</subfield>
    <subfield code="r">2023-09-18 00:18:32</subfield>
    <subfield code="w">2023-09-18</subfield>
    <subfield code="y">BV</subfield>
  </datafield>
  <datafield tag="952" ind1=" " ind2=" ">
    <subfield code="0">0</subfield>
    <subfield code="1">0</subfield>
    <subfield code="4">0</subfield>
    <subfield code="7">0</subfield>
    <subfield code="a">MAIN</subfield>
    <subfield code="b">MAIN</subfield>
    <subfield code="d">2023-09-18</subfield>
    <subfield code="h">29;</subfield>
    <subfield code="l">0</subfield>
    <subfield code="p">P44459</subfield>
    <subfield code="r">2023-09-18 00:18:32</subfield>
    <subfield code="w">2023-09-18</subfield>
    <subfield code="y">BV</subfield>
  </datafield>
  <datafield tag="952" ind1=" " ind2=" ">
    <subfield code="0">0</subfield>
    <subfield code="1">0</subfield>
    <subfield code="4">0</subfield>
    <subfield code="7">0</subfield>
    <subfield code="a">MAIN</subfield>
    <subfield code="b">MAIN</subfield>
    <subfield code="d">2023-09-18</subfield>
    <subfield code="h">29;</subfield>
    <subfield code="l">0</subfield>
    <subfield code="p">P44983</subfield>
    <subfield code="r">2023-09-18 00:18:32</subfield>
    <subfield code="w">2023-09-18</subfield>
    <subfield code="y">BV</subfield>
  </datafield>
  <datafield tag="952" ind1=" " ind2=" ">
    <subfield code="0">0</subfield>
    <subfield code="1">0</subfield>
    <subfield code="4">0</subfield>
    <subfield code="7">0</subfield>
    <subfield code="a">MAIN</subfield>
    <subfield code="b">MAIN</subfield>
    <subfield code="d">2023-09-18</subfield>
    <subfield code="h">29;</subfield>
    <subfield code="l">0</subfield>
    <subfield code="p">P45488</subfield>
    <subfield code="r">2023-09-18 00:18:32</subfield>
    <subfield code="w">2023-09-18</subfield>
    <subfield code="y">BV</subfield>
  </datafield>
  <datafield tag="952" ind1=" " ind2=" ">
    <subfield code="0">0</subfield>
    <subfield code="1">0</subfield>
    <subfield code="4">0</subfield>
    <subfield code="7">0</subfield>
    <subfield code="a">MAIN</subfield>
    <subfield code="b">MAIN</subfield>
    <subfield code="d">2023-09-18</subfield>
    <subfield code="h">29;</subfield>
    <subfield code="l">0</subfield>
    <subfield code="p">P45602</subfield>
    <subfield code="r">2023-09-18 00:18:32</subfield>
    <subfield code="w">2023-09-18</subfield>
    <subfield code="y">BV</subfield>
  </datafield>
  <datafield tag="952" ind1=" " ind2=" ">
    <subfield code="0">0</subfield>
    <subfield code="1">0</subfield>
    <subfield code="4">0</subfield>
    <subfield code="7">0</subfield>
    <subfield code="a">MAIN</subfield>
    <subfield code="b">MAIN</subfield>
    <subfield code="d">2023-09-18</subfield>
    <subfield code="h">29;</subfield>
    <subfield code="l">0</subfield>
    <subfield code="p">P47063</subfield>
    <subfield code="r">2023-09-18 00:18:32</subfield>
    <subfield code="w">2023-09-18</subfield>
    <subfield code="y">BV</subfield>
  </datafield>
  <datafield tag="952" ind1=" " ind2=" ">
    <subfield code="0">0</subfield>
    <subfield code="1">0</subfield>
    <subfield code="4">0</subfield>
    <subfield code="7">0</subfield>
    <subfield code="a">MAIN</subfield>
    <subfield code="b">MAIN</subfield>
    <subfield code="d">2023-09-18</subfield>
    <subfield code="h">29;</subfield>
    <subfield code="l">0</subfield>
    <subfield code="p">P57816</subfield>
    <subfield code="r">2023-09-18 00:18:32</subfield>
    <subfield code="w">2023-09-18</subfield>
    <subfield code="y">BV</subfield>
  </datafield>
  <datafield tag="952" ind1=" " ind2=" ">
    <subfield code="0">0</subfield>
    <subfield code="1">0</subfield>
    <subfield code="4">0</subfield>
    <subfield code="7">0</subfield>
    <subfield code="a">MAIN</subfield>
    <subfield code="b">MAIN</subfield>
    <subfield code="d">2023-09-18</subfield>
    <subfield code="h">29;</subfield>
    <subfield code="l">0</subfield>
    <subfield code="p">P57817</subfield>
    <subfield code="r">2023-09-18 00:18:32</subfield>
    <subfield code="w">2023-09-18</subfield>
    <subfield code="y">BV</subfield>
  </datafield>
  <datafield tag="999" ind1=" " ind2=" ">
    <subfield code="c">233803</subfield>
    <subfield code="d">233803</subfield>
  </datafield>
</record>
